Strategic Management Text & Cases (Record no. 697)

MARC details
000 -LEADER
fixed length control field 00422nam a22001697a 4500
005 - DATE AND TIME OF LATEST TRANSACTION
control field 20180814140637.0
008 - FIXED-LENGTH DATA ELEMENTS--GENERAL INFORMATION
fixed length control field 160513b xxu||||| |||| 00| 0 eng d
020 ## - INTERNATIONAL STANDARD BOOK NUMBER
ISBN 81-7446346-1
041 ## - LANGUAGE CODE
Language code of text/sound track or separate title eng
082 ## - DEWEY DECIMAL CLASSIFICATION NUMBER
Item number 1807
Classification number 658.4012
100 ## - MAIN ENTRY--AUTHOR NAME
Personal name Rao, V.S.P. and Krishna, Hari V.
245 ## - TITLE STATEMENT
Title Strategic Management Text & Cases
260 ## - PUBLICATION, DISTRIBUTION, ETC. (IMPRINT)
Name of publisher Good Books
Year of publication 2003
300 ## - PHYSICAL DESCRIPTION
Number of Pages 709
650 ## - SUBJECT ADDED ENTRY--TOPICAL TERM
Topical Term Management
942 ## - ADDED ENTRY ELEMENTS (KOHA)
Koha item type Books
Holdings
Lost status Damaged status Collection code Home library Current library Shelving location Date acquired Cost, normal purchase price Full call number Accession Number Koha item type
    MANAGEMENT JRU Library JRU Library SHELF-64-K 13/05/2016 295.00 658.4012 1807 Books
    MANAGEMENT JRU Library JRU Library SHELF-64-K 13/05/2016 295.00 658.4012 1808 Books